Quality Improvement / (Record no. 17327)
[ view plain ]
| 000 -LEADER | |
|---|---|
| fixed length control field | 00864nam a22002891a 4500 |
| 001 - CONTROL NUMBER | |
| control field | 016051003 |
| 003 - CONTROL NUMBER IDENTIFIER | |
| control field | Uk |
| 005 - DATE AND TIME OF LATEST TRANSACTION | |
| control field | 20130226133100.0 |
| 007 - PHYSICAL DESCRIPTION FIXED FIELD--GENERAL INFORMATION | |
| fixed length control field | ta |
| 008 - FIXED-LENGTH DATA ELEMENTS--GENERAL INFORMATION | |
| fixed length control field | 121106s2013 maua b 001 0 eng d |
| 020 ## - INTERNATIONAL STANDARD BOOK NUMBER | |
| International Standard Book Number | 0132877678 (pbk.) |
| 020 ## - INTERNATIONAL STANDARD BOOK NUMBER | |
| International Standard Book Number | 9780132877671 (pbk.) |
| 082 04 - DEWEY DECIMAL CLASSIFICATION NUMBER | |
| Classification number | 658.562 |
| Edition number | 23 |
| Item number | BES |
| 100 1# - MAIN ENTRY--PERSONAL NAME | |
| Personal name | Besterfield, Dale H. |
| 9 (RLIN) | 32727 |
| 245 10 - TITLE STATEMENT | |
| Title | Quality Improvement / |
| Statement of responsibility, etc | Dale H. Besterfield. |
| 250 ## - EDITION STATEMENT | |
| Edition statement | 9th ed. |
| 260 ## - PUBLICATION, DISTRIBUTION, ETC. (IMPRINT) | |
| Place of publication, distribution, etc | Boston : |
| Name of publisher, distributor, etc | Pearson, |
| Date of publication, distribution, etc | c2013. |
| 300 ## - PHYSICAL DESCRIPTION | |
| Extent | vi, 267 p. : |
| Other physical details | ill. ; |
| Dimensions | 28 cm. |
| 490 0# - Series Statement | |
| Series statement | Always learning |
| 500 ## - GENERAL NOTE | |
| General note | Formerly entitled: Quality control. |
| 500 ## - GENERAL NOTE | |
| General note | "International edition"--Cover. |
| 504 ## - BIBLIOGRAPHY, ETC. NOTE | |
| Bibliography, etc | Includes bibliographical references and index. |
| 650 #0 - SUBJECT ADDED ENTRY--TOPICAL TERM | |
| Topical term or geographic name as entry element | Quality control. |
| 9 (RLIN) | 32728 |
| 653 ## - INDEX TERM--UNCONTROLLED | |
| Resource For college | |
| Arrived date list | February2013 |
| 700 1# - ADDED ENTRY--PERSONAL NAME | |
| Personal name | Besterfield, Dale H. |
| Title of a work | Quality control. |
| 9 (RLIN) | 32729 |
| 942 ## - ADDED ENTRY ELEMENTS (KOHA) | |
| Source of classification or shelving scheme | Dewey Decimal Classification |
| Item type | Book - Borrowing |
| Withdrawn status | Item status | Source of classification or shelving scheme | Materials specified (bound volume or other part) | Damaged status | Not for loan | Vendor | Home library | Current library | Shelving location | Date acquired | Source of acquisition | Total Checkouts | Full call number | Barcode | Date last seen | Koha item type | Total Renewals | Date last borrowed |
|---|---|---|---|---|---|---|---|---|---|---|---|---|---|---|---|---|---|---|
| Lost | Dewey Decimal Classification | Lost In Inventory_2015-8-23 | Baccah | Central Library | Central Library | First floor | 26/02/2013 | 658.562 BES | 000028378 | 23/06/2013 | NB - Book (Non borrowing) | |||||||
| Dewey Decimal Classification | Baccah | Central Library | Central Library | First floor | 26/02/2013 | 4 | 658.562 BES | 000028379 | 15/07/2025 | Book - Borrowing | 33 | 17/02/2016 | ||||||
| Dewey Decimal Classification | Baccah | Central Library | Central Library | First floor | 26/02/2013 | 4 | 658.562 BES | 000028380 | 15/07/2025 | Book - Borrowing | 30 | 28/02/2016 | ||||||
| Dewey Decimal Classification | Baccah | Central Library | Central Library | First floor | 26/02/2013 | 6 | 658.562 BES | 000028381 | 15/07/2025 | Book - Borrowing | 35 | 30/03/2017 | ||||||
| Dewey Decimal Classification | Baccah | Central Library | Central Library | First floor | 26/02/2013 | 3 | 658.562 BES | 000028382 | 15/07/2025 | Book - Borrowing | 20 | 30/04/2015 |